AJ100 (Record no. 80252)
[ view plain ]
| 000 -LEADER | |
|---|---|
| fixed length control field | 01143cab a22002535a 4500 |
| 001 - CONTROL NUMBER | |
| control field | L143690 |
| 008 - FIXED-LENGTH DATA ELEMENTS--GENERAL INFORMATION | |
| fixed length control field | 080527e20080515xxk f s 000 0 eng d |
| 035 ## - SYSTEM CONTROL NUMBER | |
| System control number | (Sirsi) u143690 |
| 041 0# - LANGUAGE CODE | |
| Language code of text/sound track or separate title | eng |
| 110 2# - MAIN ENTRY--CORPORATE NAME | |
| Corporate name or jurisdiction name as entry element | Architects' Journal |
| 245 00 - TITLE STATEMENT | |
| Title | AJ100 |
| Remainder of title | UK architecture's biggest practices |
| 260 ## - PUBLICATION, DISTRIBUTION, ETC. | |
| Date of publication, distribution, etc. | 2008 |
| 490 ## - SERIES STATEMENT | |
| Series statement | Architects' Journal |
| Volume/sequential designation | 15 May 2008, 25-104(47) |
| 520 ## - SUMMARY, ETC. | |
| Summary, etc. | Reveals the one hundred biggest architects' practices during 2007, ranked by the number of architects employed, and compares these against the 2006 and 2005 rankings. Provides top 10 charts ranked by profitability measures. Gives results of regional and opinion based surveys. Also profiles companies and directors featured within the rankings, including a feature on women working in these companies. Reports on Architects Journal awards. |
| 590 ## - LOCAL NOTE (RLIN) | |
| Local note | KA |
| 651 #4 - SUBJECT ADDED ENTRY--GEOGRAPHIC NAME | |
| Geographic name | United Kingdom |
| Chronological subdivision | |
| 690 ## - LOCAL SUBJECT ADDED ENTRY--TOPICAL TERM (OCLC, RLIN) | |
| Topical term or geographic name as entry element | MANAGEMENT-BUSINESS MANAGEMENT-PROFESSIONAL PRACTICE |
| 690 ## - LOCAL SUBJECT ADDED ENTRY--TOPICAL TERM (OCLC, RLIN) | |
| Topical term or geographic name as entry element | BUILT ENVIRONMENT-CONSTRUCTION DESIGN-ARCHITECTURAL DESIGN |
| 700 1# - ADDED ENTRY--PERSONAL NAME | |
| Personal name | Slavid, Ruth |
| 700 1# - ADDED ENTRY--PERSONAL NAME | |
| Personal name | Kolb, Jaffer |
| 700 1# - ADDED ENTRY--PERSONAL NAME | |
| Personal name | Long, Kieran |
| 700 1# - ADDED ENTRY--PERSONAL NAME | |
| Personal name | Bose, Shumi |
| 942 ## - ADDED ENTRY ELEMENTS (KOHA) | |
| Suppress in OPAC | 0 |
| Withdrawn status | Lost status | Source of classification or shelving scheme | Damaged status | Not for loan | Home library | Current library | Shelving location | Date acquired | Total Checkouts | Full call number | Barcode | Date last seen | Copy number | Price effective from | Koha item type |
|---|---|---|---|---|---|---|---|---|---|---|---|---|---|---|---|
| Dewey Decimal Classification | London | London | Journal article | 27/05/2008 | L143690 | 143690-1001 | 06/08/2019 | 1 | 06/08/2019 | Journal article |